=LDR 00000nam 2200000 4500 =001 INLIS000000000017850 =990 ##$$a 0612/PN/2014 =005 20130612113045 =990 ##$$a 0613/PN/2014 =008 ***********************************Ind** =035 ##$$a0010-061300000017850 =041 ##$$a Ind =082 ##$$a 336.200 76 =090 ##$$a 336.200 76, Sit p =100 ##$$a Siti Resmi =245 ##$$a Praktum perpajakan, Siti Resmi =260 ##$$a 2004 $b Jakarta =300 ##$$a ...jil, ilus, 21 cm =650 ##$$a Pajak-Praktek =850 ##$$a NBPNMAT =990 ##$$a 0612/PN/2014 =990 ##$$a 0613/PN/2014